| 000 | 00833nam a2200265 i 4500 | ||
|---|---|---|---|
| 001 | 66140 | ||
| 003 | ES-MaACL | ||
| 005 | 20250828000014.0 | ||
| 007 | t| | ||
| 008 | 040128s1984 sp |||| | spa d | ||
| 020 | _a84-301-0463-1 | ||
| 100 | 1 |
_aGadamer, Hans Georg. _953182 |
|
| 245 | 1 | 0 |
_aVerdad y método _b: fundamentos de una hermenéutica filosófica / _cHans-Georg Gadamer ; [tradujeron, Ana Agud Aparicio y Rafael de Agapito]. |
| 260 |
_aSalamanca : _bSígueme, _c1984. |
||
| 300 |
_a687 p. ; _c22 cm. |
||
| 490 | 1 |
_aHermeneia ; _v7 |
|
| 500 | _aÍndice. | ||
| 650 | 4 |
_aHermenéutica. _913329 |
|
| 650 | 0 | 4 |
_aHumanidades- _xMetodología _913499 |
| 700 | 1 |
_aAgud, Ana. _918643 |
|
| 700 | 1 |
_aAgapito, Rafael de. _918532 |
|
| 830 | 0 |
_aHermeneia ; _v7 _9180905 |
|
| 852 |
_aES-MaACL _jL-11437 |
||
| 999 |
_c66140 _d66140 |
||